[Event "Muensterland Verbandsliga playoff 1-4"]
[Site "Germany"]
[Date "2023.03.25"]
[Round "1.4"]
[White "Hanewinkel, Christian"]
[Black "Schmeing, Walter"]
[Result "1/2-1/2"]
[WhiteElo "1803"]
[BlackElo "1970"]
[PlyCount "31"]
[EventDate "2022.03.25"]
[EventType "team-k.o."]
[EventRounds "2"]
[EventCountry "GER"]
[SourceTitle "EXT 2024"]
[Source "ChessBase"]
[SourceDate "2023.10.10"]
[SourceVersion "1"]
[SourceVersionDate "2023.10.10"]
[SourceQuality "1"]
[WhiteTeam "Beelen"]
[BlackTeam "Suedlohn II"]
[WhiteTeamCountry "GER"]
[BlackTeamCountry "GER"]

1. Nf3 d5 2. d4 Nf6 3. c4 e6 4. Bg5 c6 5. e3 Nbd7 6. Qc2 Qa5+ 7. Nc3 Bb4 8. Nd2 0-0 9. Nb3 Qc7 10. Bd3 dxc4 11. Bxc4 e5 12. 0-0 Bd6 13. h3 exd4 14. exd4 Bf4 15. Bh4 b5 16. Bd3 1/2-1/2

[Event "Muensterland Verbandsliga Gr2 2223"]
[Site "Germany"]
[Date "2022.11.12"]
[Round "3.6"]
[White "Schmeing, Walter"]
[Black "Parameswaran, Vithushan"]
[Result "1-0"]
[WhiteElo "1964"]
[BlackElo "1816"]
[PlyCount "111"]
[EventDate "2022.09.10"]
[EventType "team-tourn"]
[EventRounds "5"]
[EventCountry "GER"]
[SourceTitle "EXT 2024"]
[Source "ChessBase"]
[SourceDate "2023.10.10"]
[SourceVersion "1"]
[SourceVersionDate "2023.10.10"]
[SourceQuality "1"]
[WhiteTeam "Suedlohn II"]
[BlackTeam "Ahaus Wessum"]
[WhiteTeamCountry "GER"]
[BlackTeamCountry "GER"]

1. e4 e5 2. Nf3 Nc6 3. Bb5 f5 4. d3 fxe4 5. dxe4 Nf6 6. Bg5 d6 7. Nbd2 Be7 8. Qe2 Be6 9. Bc4 Qd7 10. Bxe6 Qxe6 11. c3 0-0 12. Bxf6 Qxf6 13. h4 Kh8 14. h5 Qe6 15. Nh4 Bxh4 16. Rxh4 Rf6 17. f3 Raf8 18. Qc4 Qe7 19. 0-0-0 Nd8 20. Rdh1 Ne6 21. Nf1 Rf4 22. R4h2 Qg5 23. Kc2 R4f6 24. Qe2 Rh6 25. Qe3 Nf4 26. Qd2 Qe7 27. Ne3 Qf7 28. g3 Ne6 29. Nf5 Rf6 30. Qe3 Nc5 31. b3 Rxf5 32. exf5 Qxf5+ 33. Kd2 Qxf3 34. Re1 Kg8 35. Ree2 Qxe3+ 36. Kxe3 c6 37. Rhf2 Rf6 38. g4 Ne6 39. Rxf6 gxf6 40. Ke4 d5+ 41. Ke3 Kg7 42. c4 d4+ 43. Ke4 Kf7 44. Rf2 Ke7 45. b4 Ng7 46. g5 Nxh5 47. Rh2 Nf4 48. Rxh7+ Ke6 49. Rh6 d3 50. Rxf6+ Ke7 51. Ke3 b5 52. Rxc6 bxc4 53. Rxc4 Ke6 54. b5 Kf5 55. a4 Kxg5 56. Rxf4 1-0

[Event "Muensterland Verbandsliga 2122"]
[Site "Germany"]
[Date "2021.11.13"]
[Round "2.4"]
[White "Almohamad Alhasan, Ibrahim"]
[Black "Schmeing, Walter"]
[Result "0-1"]
[WhiteElo "1700"]
[BlackElo "1959"]
[PlyCount "42"]
[EventDate "2021.10.02"]
[EventType "team-tourn"]
[EventRounds "2"]
[EventCountry "GER"]
[SourceTitle "EXT 2023"]
[Source "ChessBase"]
[SourceDate "2022.10.05"]
[SourceVersion "1"]
[SourceVersionDate "2022.10.05"]
[SourceQuality "1"]
[WhiteTeam "Telgte"]
[BlackTeam "Suedlohn II"]
[WhiteTeamCountry "GER"]
[BlackTeamCountry "GER"]

1. e4 e5 2. f4 exf4 3. Nf3 h6 4. Bc4 d6 5. 0-0 Nf6 6. Nc3 Bg4 7. d4 g5 8. Qe1 Bxf3 9. Rxf3 Nc6 10. e5 dxe5 11. d5 Bc5+ 12. Be3 Bxe3+ 13. Rxe3 fxe3 14. dxc6 bxc6 15. Rd1 Qe7 16. Qxe3 Ng4 17. Bxf7+ Kf8 18. Qg3 Qc5+ 19. Kf1 Ne3+ 20. Ke1 Nxd1 21. Qf3 Qe3+ 0-1

[Event "Muensterland Verbandsliga 1920"]
[Site "Germany"]
[Date "2020.02.22"]
[Round "7.4"]
[White "Schmeing, Walter"]
[Black "Fischer, Andreas"]
[Result "1/2-1/2"]
[WhiteElo "1964"]
[BlackElo "1889"]
[PlyCount "33"]
[EventDate "2019.09.07"]
[EventType "team-tourn"]
[EventRounds "7"]
[EventCountry "GER"]
[SourceTitle "EXT 2023"]
[Source "ChessBase"]
[SourceDate "2022.10.05"]
[SourceVersion "1"]
[SourceVersionDate "2022.10.05"]
[SourceQuality "1"]
[WhiteTeam "Suedlohn II"]
[BlackTeam "Saerbeck"]
[WhiteTeamCountry "GER"]
[BlackTeamCountry "GER"]

1. e4 e5 2. Nf3 Nf6 3. Nxe5 d6 4. Nf3 Nxe4 5. d4 d5 6. Bd3 Bd6 7. Nc3 Nxc3 8. bxc3 Bg4 9. 0-0 0-0 10. Re1 Nd7 11. h3 Bh5 12. Be2 h6 13. c4 Bb4 14. Bd2 Bxd2 15. Nxd2 Bxe2 16. Qxe2 Nf6 17. c5 1/2-1/2

[Event "Muensterland Verbandsliga 1920"]
[Site "Germany"]
[Date "2020.02.01"]
[Round "6.4"]
[White "Lanfer, Stefanie"]
[Black "Schmeing, Walter"]
[Result "0-1"]
[WhiteElo "1882"]
[BlackElo "1962"]
[PlyCount "82"]
[EventDate "2019.09.07"]
[EventType "team-tourn"]
[EventRounds "7"]
[EventCountry "GER"]
[SourceTitle "EXT 2023"]
[Source "ChessBase"]
[SourceDate "2022.10.05"]
[SourceVersion "1"]
[SourceVersionDate "2022.10.05"]
[SourceQuality "1"]
[WhiteTeam "Gescher"]
[BlackTeam "Suedlohn II"]
[WhiteTeamCountry "GER"]
[BlackTeamCountry "GER"]

1. e4 e5 2. d4 exd4 3. Qxd4 Nc6 4. Qe3 Nf6 5. Nc3 Bb4 6. Bd2 d6 7. 0-0-0 0-0 8. f4 Re8 9. Qg3 Nxe4 10. Nxe4 Rxe4 11. c3 Bc5 12. Bd3 Re8 13. Nf3 Qf6 14. Ng5 Bf5 15. Rhe1 Qg6 16. Bc4 Rf8 17. b4 Bb6 18. Bb3 h6 19. Nf3 Qxg3 20. hxg3 Rfe8 21. Nh2 Kf8 22. a4 Bf2 23. Rxe8+ Rxe8 24. g4 Bd3 25. b5 Na5 26. Bc2 Be2 27. Rh1 Nc4 28. f5 Be3 29. Bxe3 Nxe3 30. Nf3 Nxg4 31. Nd4 Nf6 32. Kd2 Bc4 33. Bd1 Bd5 34. Rg1 Ne4+ 35. Kc2 Ng3 36. Kd2 Be4 37. Bc2 Bxc2 38. Kxc2 Ne2 39. Nxe2 Rxe2+ 40. Kb3 Ke7 41. g4 Kf6 0-1

[Event "Muensterland Verbandsliga 1920"]
[Site "Germany"]
[Date "2019.11.30"]
[Round "4.4"]
[White "Werremeyer, Achim"]
[Black "Schmeing, Walter"]
[Result "1/2-1/2"]
[WhiteElo "1712"]
[BlackElo "1962"]
[PlyCount "76"]
[EventDate "2019.09.07"]
[EventType "team-tourn"]
[EventRounds "7"]
[EventCountry "GER"]
[SourceTitle "EXT 2023"]
[Source "ChessBase"]
[SourceDate "2022.10.05"]
[SourceVersion "1"]
[SourceVersionDate "2022.10.05"]
[SourceQuality "1"]
[WhiteTeam "Ibbenbueren"]
[BlackTeam "Suedlohn II"]
[WhiteTeamCountry "GER"]
[BlackTeamCountry "GER"]

1. Nf3 d5 2. d4 Nf6 3. c4 e6 4. Nc3 c6 5. cxd5 exd5 6. Bg5 Be7 7. Qc2 0-0 8. e3 Ne4 9. Bxe7 Qxe7 10. Bd3 Re8 11. 0-0 Nd7 12. b4 Ndf6 13. b5 Qb4 14. Na4 cxb5 15. Nc5 Nxc5 16. dxc5 Bd7 17. Rfb1 Qa5 18. Nd4 Rec8 19. Bxb5 Qc7 20. Rc1 Bc6 21. Rab1 g6 22. h3 Nd7 23. Bxc6 bxc6 24. Qa4 Ne5 25. Qa6 Rab8 26. Rb3 Nd7 27. Rxb8 Nxb8 28. Qa4 Qb7 29. Qb3 Qa6 30. Rb1 Nd7 31. Qc2 Rb8 32. Rxb8+ Nxb8 33. Qb2 Nd7 34. Nb3 Qb5 35. Qa3 a6 36. Nd4 Qxc5 37. Qxc5 Nxc5 38. Nxc6 Kf8 1/2-1/2

[Event "Muensterland Regionalliga 1617"]
[Site "Germany"]
[Date "2016.12.03"]
[Round "4.7"]
[White "Schmeing, Walter"]
[Black "Keller, Dirk"]
[Result "1/2-1/2"]
[WhiteElo "2000"]
[BlackElo "1893"]
[PlyCount "84"]
[EventDate "2016.09.17"]
[EventType "team"]
[EventRounds "9"]
[EventCountry "GER"]
[SourceTitle "EXT 2018"]
[Source "ChessBase"]
[SourceDate "2017.10.13"]
[SourceVersion "1"]
[SourceVersionDate "2017.10.13"]
[SourceQuality "1"]
[WhiteTeam "Suedlohn"]
[BlackTeam "Nienberge"]
[WhiteTeamCountry "GER"]
[BlackTeamCountry "GER"]

1. e4 c6 2. Nc3 d5 3. Nf3 Bg4 4. h3 Bxf3 5. Qxf3 e6 6. d4 dxe4 7. Qxe4 Nf6 8. Qd3 Na6 9. a3 Be7 10. Qg3 Nc7 11. Bd3 g6 12. 0-0 0-0 13. Ne2 Ncd5 14. Qf3 b5 15. c3 Qc7 16. Bd2 Kg7 17. Rfc1 Rad8 18. Nf4 h6 19. Re1 Nxf4 20. Bxf4 Bd6 21. Bxh6+ Kxh6 22. Qxf6 Qe7 23. Qf3 Rc8 24. Re2 a5 25. Rae1 Qg5 26. Re4 Kg7 27. h4 Qf6 28. Qe2 Rh8 29. g3 b4 30. axb4 axb4 31. Re3 bxc3 32. bxc3 Rh5 33. Rf3 Qe7 34. Qc2 c5 35. dxc5 Rhxc5 36. c4 Be5 37. Rfe3 Qf6 38. Qe2 Bd4 39. Re4 Rb8 40. Rf4 Qe5 41. Qxe5+ Rxe5 42. Rxe5 Bxe5 1/2-1/2

[Event "Muensterland Regionalliga 1617"]
[Site "Germany"]
[Date "2016.10.29"]
[Round "2.8"]
[White "Limberg, Johannes"]
[Black "Schmeing, Walter"]
[Result "0-1"]
[WhiteElo "1599"]
[BlackElo "2000"]
[PlyCount "42"]
[EventDate "2016.09.17"]
[EventType "team"]
[EventRounds "9"]
[EventCountry "GER"]
[SourceTitle "EXT 2018"]
[Source "ChessBase"]
[SourceDate "2017.10.13"]
[SourceVersion "1"]
[SourceVersionDate "2017.10.13"]
[SourceQuality "1"]
[WhiteTeam "Olfen"]
[BlackTeam "Suedlohn"]
[WhiteTeamCountry "GER"]
[BlackTeamCountry "GER"]

1. e4 e5 2. Nf3 Nc6 3. Bb5 a6 4. Ba4 Nf6 5. 0-0 Nxe4 6. Re1 Nc5 7. Bxc6 dxc6 8. d4 Ne6 9. Nxe5 Be7 10. c3 0-0 11. b3 f6 12. Nd3 Bd6 13. Bb2 Ng5 14. Nd2 Bf5 15. Nc4 Qd7 16. Nxd6 cxd6 17. c4 Rfe8 18. Qd2 Bg6 19. Nf4 Qg4 20. Kh1 Bf7 21. Re3 Ne4 0-1

[Event "Muensterland Regionalliga 1617"]
[Site "Germany"]
[Date "2016.09.17"]
[Round "1.7"]
[White "Schmeing, Walter"]
[Black "Stremmer, Hans Dieter"]
[Result "1-0"]
[WhiteElo "2000"]
[BlackElo "1772"]
[PlyCount "68"]
[EventDate "2016.09.17"]
[EventType "team"]
[EventRounds "9"]
[EventCountry "GER"]
[SourceTitle "EXT 2018"]
[Source "ChessBase"]
[SourceDate "2017.10.13"]
[SourceVersion "1"]
[SourceVersionDate "2017.10.13"]
[SourceQuality "1"]
[WhiteTeam "Suedlohn"]
[BlackTeam "Muenster SK III"]
[WhiteTeamCountry "GER"]
[BlackTeamCountry "GER"]

1. e4 c5 2. Nf3 g6 3. d4 Bg7 4. dxc5 Qa5+ 5. c3 Qxc5 6. Be3 Qc7 7. Bd3 d6 8. 0-0 Nf6 9. h3 0-0 10. Nbd2 b6 11. a4 Nbd7 12. Nd4 Nc5 13. Bc2 Bb7 14. f3 Rfc8 15. N2b3 Nxb3 16. Bxb3 Nd7 17. Re1 Ne5 18. a5 Nc4 19. a6 Nxe3 20. Rxe3 Bxd4 21. cxd4 Bc6 22. f4 Be8 23. Bd5 Bc6 24. Bb3 Be8 25. Qf3 e6 26. f5 Bd7 27. Qg3 exf5 28. Bd5 Bc6 29. Bxc6 Qxc6 30. exf5 Re8 31. f6 d5 32. Rf1 Re6 33. Qg5 Rae8 34. Qh6 Rxf6 1-0

[Event "Muensterland Regionalliga 1516"]
[Site "Germany"]
[Date "2016.01.30"]
[Round "6.5"]
[White "Schmeing, Walter"]
[Black "Borrink, Joern"]
[Result "1/2-1/2"]
[WhiteElo "2002"]
[BlackElo "2087"]
[PlyCount "102"]
[EventDate "2015.09.05"]
[EventType "team"]
[EventRounds "9"]
[EventCountry "GER"]
[SourceTitle "EXT 2017"]
[Source "ChessBase"]
[SourceDate "2016.10.25"]
[SourceVersion "1"]
[SourceVersionDate "2016.10.25"]
[SourceQuality "1"]
[WhiteTeam "Suedlohn"]
[BlackTeam "Muenster SK II"]
[WhiteTeamCountry "GER"]
[BlackTeamCountry "GER"]

1. e4 e6 2. Qe2 c5 3. g3 Nc6 4. Bg2 Nge7 5. Nf3 d6 6. 0-0 g6 7. Nc3 Bg7 8. d3 a6 9. a4 Rb8 10. Be3 0-0 11. Qd2 f5 12. Bh6 e5 13. Bxg7 Kxg7 14. exf5 Nxf5 15. Nd5 Nce7 16. Ne1 Nd4 17. Qg5 Nxd5 18. Qxd8 Rxd8 19. Bxd5 Be6 20. Bxe6 Nxe6 21. Nf3 Rf8 22. Kg2 Nd4 23. Nxd4 exd4 24. Rae1 Rfe8 25. f4 Kf6 26. Kf3 b5 27. axb5 axb5 28. g4 Ra8 29. b3 d5 30. Rg1 c4 31. dxc4 bxc4 32. bxc4 Ra3+ 33. Kf2 Rxe1 34. Rxe1 dxc4 35. Rd1 Rh3 36. Kg2 Rc3 37. Rxd4 Rxc2+ 38. Kf3 c3 39. h4 Rh2 40. Kg3 Rd2 41. Rc4 Rd3+ 42. Kf2 Ke6 43. Ke2 Rh3 44. h5 gxh5 45. gxh5 Kd5 46. Rc7 h6 47. f5 Ke5 48. Rc6 Rh2+ 49. Kd3 Rxh5 50. f6 Rf5 51. f7 Rxf7 1/2-1/2

[Event "Muensterland Regionalliga 1516"]
[Site "Germany"]
[Date "2015.12.05"]
[Round "4.7"]
[White "Schmeing, Walter"]
[Black "Rothkegel, Juergen"]
[Result "1/2-1/2"]
[WhiteElo "2002"]
[BlackElo "1866"]
[PlyCount "71"]
[EventDate "2015.09.05"]
[EventType "team"]
[EventRounds "9"]
[EventCountry "GER"]
[SourceTitle "EXT 2017"]
[Source "ChessBase"]
[SourceDate "2016.10.25"]
[SourceVersion "1"]
[SourceVersionDate "2016.10.25"]
[SourceQuality "1"]
[WhiteTeam "Suedlohn"]
[BlackTeam "Gronau"]
[WhiteTeamCountry "GER"]
[BlackTeamCountry "GER"]

1. e4 c5 2. Nf3 d6 3. d4 cxd4 4. Nxd4 Nf6 5. Nc3 a6 6. Bg5 e6 7. f4 Be7 8. Qf3 Nbd7 9. 0-0-0 Qc7 10. Bd3 b5 11. Rhe1 Bb7 12. Qe2 Nc5 13. Nb3 h6 14. Nxc5 dxc5 15. Bxf6 Qxf4+ 16. Kb1 gxf6 17. Bxb5+ Kf8 18. g3 Qe5 19. Bc4 Bc8 20. Rd3 Kg7 21. Nd1 Rd8 22. Nf2 Rb8 23. Rb3 Rxb3 24. axb3 a5 25. Nd3 Qc7 26. Nf4 Kh7 27. Bd3 Qe5 28. Bc4 Bb7 29. Nd3 Qc7 30. Qh5 Rf8 31. Nf2 Qe5 32. Qe2 Rd8 33. Nd3 Qc7 34. Qh5 Rf8 35. Qe2 Rd8 36. Qh5 1/2-1/2

[Event "NRW Class1 1314"]
[Site "Germany"]
[Date "2014.02.02"]
[Round "6.7"]
[White "Schmeing, Walter"]
[Black "Schwanbeck, Christoph"]
[Result "1-0"]
[WhiteElo "1984"]
[BlackElo "2015"]
[PlyCount "149"]
[EventDate "2013.09.15"]
[EventType "team-tourn"]
[EventRounds "9"]
[EventCountry "GER"]
[SourceTitle "EXT 2015"]
[Source "ChessBase"]
[SourceDate "2014.11.20"]
[SourceVersion "1"]
[SourceVersionDate "2014.11.20"]
[SourceQuality "1"]
[WhiteTeam "Suedlohn"]
[BlackTeam "Iserlohn Koenigsspringer"]
[WhiteTeamCountry "GER"]
[BlackTeamCountry "GER"]

1. e4 d6 2. d4 Nf6 3. Nc3 Nbd7 4. Nf3 e5 5. Be2 Be7 6. 0-0 0-0 7. Bg5 c6 8. h3 Qc7 9. a4 a5 10. Qd2 Re8 11. Bc4 h6 12. Be3 Bf8 13. dxe5 dxe5 14. Qe2 Nc5 15. Nd2 Ne6 16. Bxe6 Bxe6 17. f3 Nh5 18. Qf2 Qe7 19. b3 Rad8 20. Rfd1 Nf4 21. Kh2 Qb4 22. Ne2 Rd7 23. Nf1 Nxe2 24. Qxe2 Red8 25. Rxd7 Rxd7 26. Rd1 Rxd1 27. Qxd1 b5 28. Qd8 bxa4 29. bxa4 Kh7 30. Bd2 Qc5 31. Bxa5 Be7 32. Qd2 Bg5 33. Qc3 Bf4+ 34. Kh1 Qf2 35. Qe1 Qxc2 36. Bd2 Qxa4 37. Bxf4 exf4 38. Qc1 Qb5 39. Nd2 Qe2 40. Kh2 c5 41. Nb1 Qe3 42. Qb2 Qe1 43. Nd2 c4 44. e5 Qg3+ 45. Kh1 Qe1+ 46. Kh2 Qe3 47. Ne4 Bf5 48. Nc3 Qxe5 49. Qb4 Bd3 50. Qb2 Qe1 51. Nd5 Qg3+ 52. Kh1 Bf5 53. Qd2 Bxh3 54. Nxf4 Bxg2+ 55. Nxg2 Qxf3 56. Kg1 c3 57. Qc2+ g6 58. Qb3 h5 59. Ne1 Qf6 60. Kg2 Kg7 61. Nf3 g5 62. Qc4 g4 63. Nd4 c2 64. Nxc2 Qf3+ 65. Kg1 g3 66. Qd4+ f6 67. Ne1 Qe2 68. Ng2 Qc2 69. Qa7+ Kg6 70. Nf4+ Kg5 71. Ne6+ Kg4 72. Qg7+ Kh4 73. Qxf6+ Kh3 74. Qf1+ Kh4 75. Qf4+ 1-0

[Event "Muensterland Verbandsliga 1213"]
[Site "Germany"]
[Date "2013.04.13"]
[Round "8.6"]
[White "Langendijk, Andre"]
[Black "Schmeing, Walter"]
[Result "1/2-1/2"]
[WhiteElo "1885"]
[BlackElo "1985"]
[PlyCount "87"]
[EventDate "2012.09.22"]
[EventType "team-tourn"]
[EventRounds "9"]
[EventCountry "GER"]
[SourceTitle "EXT 2015"]
[Source "ChessBase"]
[SourceDate "2014.11.20"]
[SourceVersion "1"]
[SourceVersionDate "2014.11.20"]
[SourceQuality "1"]
[WhiteTeam "Gronau"]
[BlackTeam "Suedlohn"]
[WhiteTeamCountry "GER"]
[BlackTeamCountry "GER"]

1. d4 d5 2. Bg5 Nf6 3. e3 c6 4. c3 Nbd7 5. Nd2 e6 6. f4 Be7 7. Bd3 b6 8. Ngf3 Bb7 9. Qe2 0-0 10. 0-0-0 c5 11. Ne5 Nxe5 12. dxe5 Nd7 13. h4 Re8 14. Rh2 Qc7 15. Kb1 c4 16. Bc2 Nc5 17. Bxe7 Qxe7 18. Qh5 Nd3 19. Nf3 g6 20. Qg5 Nf2 21. Re1 h5 22. Nd4 Qxg5 23. hxg5 a6 24. g3 Ne4 25. Rg1 Kg7 26. g4 hxg4 27. Rxg4 Rh8 28. Rgh4 Rxh4 29. Rxh4 Nd2+ 30. Kc1 Nf1 31. e4 dxe4 32. Bd1 Rh8 33. Rxh8 Kxh8 34. Be2 Ne3 35. Kd2 Nd5 36. Bxc4 Nxf4 37. Bf1 Kg8 38. c4 Nh5 39. b4 Ng3 40. Bh3 Kf8 41. c5 bxc5 42. bxc5 Bd5 43. a3 Ke7 44. Bg4 1/2-1/2

[Event "Muensterland Verbandsliga 1213"]
[Site "Germany"]
[Date "2013.03.09"]
[Round "7.5"]
[White "Pliete, Christian"]
[Black "Schmeing, Walter"]
[Result "0-1"]
[WhiteElo "1755"]
[BlackElo "1985"]
[PlyCount "68"]
[EventDate "2012.09.22"]
[EventType "team-tourn"]
[EventRounds "9"]
[EventCountry "GER"]
[SourceTitle "EXT 2015"]
[Source "ChessBase"]
[SourceDate "2014.11.20"]
[SourceVersion "1"]
[SourceVersionDate "2014.11.20"]
[SourceQuality "1"]
[WhiteTeam "Raesfeld Erle"]
[BlackTeam "Suedlohn"]
[WhiteTeamCountry "GER"]
[BlackTeamCountry "GER"]

1. e4 e5 2. Nf3 Nc6 3. Bc4 Be7 4. d4 exd4 5. Nxd4 d6 6. Nxc6 bxc6 7. 0-0 Nf6 8. Nc3 0-0 9. Qf3 Ng4 10. Bf4 Bf6 11. Bb3 Ne5 12. Bxe5 Bxe5 13. Qe3 Qf6 14. Rad1 Ba6 15. Ne2 Bxb2 16. f4 c5 17. Rf3 Rab8 18. Kh1 Bb5 19. c4 Bc6 20. Ng3 Rfe8 21. Bc2 g6 22. f5 Bd4 23. Rxd4 Qxd4 24. Qg5 Bxe4 25. Bxe4 Rxe4 26. Rf1 Rg4 27. Qh6 Rh4 28. Qg5 Re8 29. fxg6 hxg6 30. Nf5 Qxc4 31. Rg1 Rh5 32. Ne7+ Kg7 33. Qe3 Re5 34. Nf5+ gxf5 0-1

[Event "Muensterland Verbandsliga 1213"]
[Site "Germany"]
[Date "2012.10.27"]
[Round "2.6"]
[White "Schmeing, Walter"]
[Black "Haas, Kai Markus"]
[Result "1/2-1/2"]
[WhiteElo "1985"]
[BlackElo "1923"]
[PlyCount "38"]
[EventDate "2012.09.22"]
[EventType "team-tourn"]
[EventRounds "9"]
[EventCountry "GER"]
[SourceTitle "EXT 2015"]
[Source "ChessBase"]
[SourceDate "2014.11.20"]
[SourceVersion "1"]
[SourceVersionDate "2014.11.20"]
[SourceQuality "1"]
[WhiteTeam "Suedlohn"]
[BlackTeam "Sendenhorst"]
[WhiteTeamCountry "GER"]
[BlackTeamCountry "GER"]

1. e4 e6 2. Qe2 c5 3. g3 Nc6 4. Bg2 d5 5. d3 Nd4 6. Qd1 Nf6 7. Ne2 Be7 8. 0-0 0-0 9. Nbc3 Nxe2+ 10. Qxe2 d4 11. Nb1 Bd7 12. Bg5 Ne8 13. Bxe7 Qxe7 14. e5 Rb8 15. a4 Nc7 16. Nd2 Nd5 17. Nc4 Bc6 18. Be4 Nb6 19. Nxb6 axb6 1/2-1/2

[Event "Muensterland Verbandsliga 0910"]
[Site "Germany"]
[Date "2010.03.06"]
[Round "7.6"]
[White "Schmeing, Walter"]
[Black "Meyer, Ulrich"]
[Result "1/2-1/2"]
[WhiteElo "2053"]
[BlackElo "1886"]
[PlyCount "83"]
[EventDate "2009.09.26"]
[EventType "team-tourn"]
[EventRounds "9"]
[EventCountry "GER"]
[SourceTitle "EXT 2011"]
[Source "ChessBase"]
[SourceDate "2010.11.26"]
[SourceVersion "1"]
[SourceVersionDate "2010.11.26"]
[SourceQuality "1"]
[WhiteTeam "Suedlohn"]
[BlackTeam "Sendenhorst"]
[WhiteTeamCountry "GER"]
[BlackTeamCountry "GER"]

1. e4 c6 2. Nc3 d5 3. Nf3 Bg4 4. h3 Bxf3 5. Qxf3 e6 6. d3 Nd7 7. Be2 Bd6 8. Bf4 Ne5 9. Qg3 Qf6 10. d4 Nf3+ 11. Qxf3 Qxf4 12. exd5 exd5 13. Qxf4 Bxf4 14. 0-0 Nf6 15. Bd3 0-0-0 16. g3 Bd6 17. Kg2 Rhe8 18. a3 Bc7 19. Rfe1 Bb6 20. Rxe8 Rxe8 21. Ne2 g6 22. c3 Bc7 23. Rd1 Nd7 24. Ng1 b5 25. Nf3 f6 26. Re1 Rxe1 27. Nxe1 Nb6 28. Bc2 Nc4 29. Nd3 Bd6 30. Kf3 a5 31. Ke2 Kc7 32. Bb3 Nb6 33. Bc2 a4 34. Bb1 Kd7 35. Ba2 Ke6 36. Bb1 Nd7 37. Bc2 g5 38. Ne1 h6 39. Nd3 Nb6 40. Bb1 f5 41. Ba2 h5 42. f4 1/2-1/2